000 01167cad a22001935a 4500
001 L157921
008 130719s2012 xxk f 000 0 eng d
035 _a(Sirsi) u157921
041 0 _aeng
110 2 _aHouse of Commons Select Committee on Communities and Local Government
_96090
245 0 4 _aThe Private Rented Sector
_bFirst report of Session 2013-14 of the Communities and Local Government Committee
_b Part I
_h[electronic resource]
260 _aLondon
_bHouse of Commons
_c2013
520 _aRecommendations include the creation of a regulatory framework for the private rented sector, allow local authorities greater power to enforce law and raise standards, calls for the regulation of letting agents and creation of longer temancy agreements to give more stability to tenants particularly those with families and to increase of supply of properties available across all types of tenancies.
590 _aKA
651 4 _aUnited Kingdom
_y
690 _aResidential property
_96266
856 4 0 _uhttps://www.publications.parliament.uk/pa/cm201314/cmselect/cmcomloc/50/5002.htm
_zView report free of charge at www.publications.parliament.uk
942 _n0
999 _c115032
_d115032